[Event "España 1a División 2014"]
[Site "Linares ESP"]
[Date "2014.09.04"]
[Round "1.1"]
[White "Granda Zuniga, Julio E"]
[Black "Rusev, Krasimir"]
[Result "1-0"]
[WhiteElo "2675"]
[BlackElo "2538"]
[PlyCount "147"]
[EventDate "2014.09.04"]
[EventType "team-tourn"]
[EventRounds "9"]
[EventCountry "ESP"]
[Source "lmi"]
[SourceDate "2014.09.04"]
[WhiteTeam "C.A. COLLADO VILLALBA"]
[BlackTeam "C.A. SILLA – LOPEZ INSTALACIONES"]

1. Nf3 d5 2. g3 c6 3. Bg2 Bg4 4. b3 e6 5. Bb2 h6 6. d3 Nf6 7. Nbd2 Be7 8. O-O
O-O 9. c4 Nbd7 10. a3 a5 11. Ra2 Bd6 12. d4 Qe7 13. Ne5 Bf5 14. e3 Bh7 15. f4
Bc7 16. Bc3 Nxe5 17. fxe5 Nd7 18. e4 dxc4 19. Nxc4 b5 20. Nd6 Bxd6 21. exd6
Qxd6 22. b4 a4 23. Qa1 Rac8 24. Raf2 Qe7 25. Re1 f6 26. e5 f5 27. Qc1 Nb6 28.
h4 Nd5 29. Bd2 Bg6 30. Qd1 Rcd8 31. h5 Bh7 32. Bf4 Qa7 33. Qd3 Rf7 34. Rc1 Qb6
35. Rc5 Rfd7 36. Kh2 Kh8 37. Qc2 Bg8 38. Bc1 Bf7 39. Bf3 Qa7 40. g4 fxg4 41.
Bxg4 Bg8 42. Qe2 Ne7 43. Be3 Rxd4 44. Bxd4 Rxd4 45. Rc2 Qb8 46. Rd2 Rxd2 47.
Qxd2 Qxe5+ 48. Qf4 Qxf4+ 49. Rxf4 g6 50. Bxe6 Bxe6 51. Re4 Bd5 52. Rxe7 gxh5
53. Kg3 Kg8 54. Kh4 Bf7 55. Rc7 Be8 56. Kg3 Kf8 57. Kf4 Bf7 58. Rxc6 Kg7 59.
Kf5 h4 60. Kg4 Bc4 61. Kxh4 Be2 62. Rd6 Kh7 63. Kg3 Kg7 64. Kf4 Bf1 65. Kg4 Bc4
66. Kf5 Bf7 67. Rd7 Kg8 68. Kf6 Bc4 69. Kg6 Kf8 70. Kxh6 Ke8 71. Ra7 Kd8 72.
Kg5 Kc8 73. Kf6 Bd5 74. Ke5 1-0

[Event "España 1a División 2014"]
[Site "Linares ESP"]
[Date "2014.09.04"]
[Round "1.1"]
[White "Genov, Petar"]
[Black "Vazquez Igarza, Renier"]
[Result "1/2-1/2"]
[WhiteElo "2443"]
[BlackElo "2603"]
[PlyCount "78"]
[EventDate "2014.09.04"]
[EventType "team-tourn"]
[EventRounds "9"]
[EventCountry "ESP"]
[Source "lmi"]
[SourceDate "2014.09.04"]
[WhiteTeam "C.A. SILLA – LOPEZ INSTALACIONES"]
[BlackTeam "C.A. COLLADO VILLALBA"]

1. d4 Nf6 2. Nf3 b6 3. g3 Bb7 4. Bg2 c5 5. O-O g6 6. c4 cxd4 7. Qxd4 Bg7 8. Nc3
d6 9. Rd1 Nbd7 10. b3 Rc8 11. Bb2 O-O 12. Rac1 Ne4 13. Qe3 Nxc3 14. Bxc3 Bxc3
15. Rxc3 Nf6 16. Nd4 Qd7 17. Bxb7 Qxb7 18. Qf3 Qxf3 19. Rxf3 a6 20. Re3 Rc7 21.
a4 Rb8 22. Red3 Nd7 23. f3 Ne5 24. R3d2 Kf8 25. Kf2 Nc6 26. Nxc6 Rxc6 27. Rd5
Rc5 28. e4 f6 29. Ke3 Kf7 30. h4 Rbc8 31. R1d3 Ke6 32. g4 h5 33. gxh5 gxh5 34.
Rd1 Rg8 35. Kf2 Rg7 36. R1d2 Rg8 37. Rd1 Kf7 38. R1d2 Rgc8 39. Ke3 Rg8 1/2-1/2

[Event "España 1a División 2014"]
[Site "Linares ESP"]
[Date "2014.09.04"]
[Round "1.1"]
[White "Arribas Lopez, Angel"]
[Black "Granero Roca, Antonio"]
[Result "1-0"]
[WhiteElo "2503"]
[BlackElo "2426"]
[PlyCount "67"]
[EventDate "2014.09.04"]
[EventType "team-tourn"]
[EventRounds "9"]
[EventCountry "ESP"]
[Source "lmi"]
[SourceDate "2014.09.04"]
[WhiteTeam "C.A. COLLADO VILLALBA"]
[BlackTeam "C.A. SILLA – LOPEZ INSTALACIONES"]

1. e4 c6 2. d4 d5 3. f3 e6 4. Nc3 Ne7 5. Be3 Ng6 6. g3 Bb4 7. a3 Bxc3+ 8. bxc3
f5 9. Qd2 O-O 10. Bg5 Qc7 11. e5 c5 12. h4 Nh8 13. h5 Nf7 14. Be3 Nc6 15. Ne2
Bd7 16. Nf4 Na5 17. Bd3 cxd4 18. cxd4 Nc4 19. Qe2 Nfxe5 20. dxe5 Qxe5 21. Kf2
Rac8 22. Bxa7 Qd6 23. Rhd1 Nb2 24. Rdb1 Nxd3+ 25. Nxd3 Ba4 26. Ra2 Rf7 27. Rb6
Bc6 28. Rb4 f4 29. Rxf4 Rxf4 30. gxf4 Qe7 31. Kg3 Bb5 32. Rb2 Ba4 33. Bd4 Rc6
34. c3 1-0

[Event "España 1a División 2014"]
[Site "Linares ESP"]
[Date "2014.09.04"]
[Round "1.1"]
[White "Cano Sanchez, Josue"]
[Black "Moreno Ruiz, Javier"]
[Result "1-0"]
[WhiteElo "2367"]
[BlackElo "2475"]
[PlyCount "138"]
[EventDate "2014.09.04"]
[EventType "team-tourn"]
[EventRounds "9"]
[EventCountry "ESP"]
[Source "lmi"]
[SourceDate "2014.09.04"]
[WhiteTeam "C.A. SILLA – LOPEZ INSTALACIONES"]
[BlackTeam "C.A. COLLADO VILLALBA"]

1. d4 Nf6 2. Nf3 e6 3. g3 b5 4. Bg2 Bb7 5. O-O c5 6. c3 Na6 7. Bg5 Be7 8. Nbd2
O-O 9. Re1 h6 10. Bxf6 Bxf6 11. e4 d6 12. e5 Be7 13. exd6 Qxd6 14. Ne4 Qb6 15.
dxc5 Nxc5 16. Nxc5 Bxc5 17. Qe2 Rfd8 18. Red1 Rxd1+ 19. Rxd1 Rd8 20. Rxd8+ Qxd8
21. Qd2 Qc7 22. Ne1 Bxg2 23. Nxg2 a6 24. Nf4 g6 25. Qd3 Qe5 26. Kg2 Kg7 27. h4
Qe1 28. Qe2 Qxe2 29. Nxe2 Kf6 30. Kf3 Ke5 31. Nf4 Be7 32. Ke2 g5 33. hxg5 hxg5
34. Nd3+ Kf5 35. Ke3 Bd6 36. b3 e5 37. f3 g4 38. fxg4+ Kxg4 39. Nf2+ Kf5 40.
g4+ Ke6 41. Ke4 f6 42. Nd3 Be7 43. Nc1 Ba3 44. Ne2 Bc5 45. Nc1 Ba3 46. Nd3 Be7
47. b4 Bf8 48. Nb2 Bh6 49. a4 Bd2 50. axb5 axb5 51. Nd1 Be1 52. Kd3 f5 53.
gxf5+ Kxf5 54. Ne3+ Ke6 55. Nc2 Bg3 56. Na3 Kd5 57. Nxb5 e4+ 58. Kc2 e3 59. Kd3
Be1 60. Nd4 Bd2 61. Nc2 Bc1 62. Nxe3+ Kc6 63. Nd1 Bb2 64. b5+ Kb6 65. Kd4 Bxc3+
66. Kd5 Kc7 67. Kc5 Be1 68. b6+ Kc8 69. Kb5 Bg3 1-0

[Event "España 1a División 2014"]
[Site "Linares ESP"]
[Date "2014.09.04"]
[Round "1.2"]
[White "Adla, Diego"]
[Black "Garcia Castro, Pablo"]
[Result "1-0"]
[WhiteElo "2469"]
[BlackElo "2386"]
[PlyCount "81"]
[EventDate "2014.09.04"]
[EventType "team-tourn"]
[EventRounds "9"]
[EventCountry "ESP"]
[Source "lmi"]
[SourceDate "2014.09.04"]
[WhiteTeam "C.A. STADIUM CASABLANCA"]
[BlackTeam "C.A. UNIVERSIDAD DE VIGO"]

1. d4 Nf6 2. c4 g6 3. Nc3 Bg7 4. e4 d6 5. h3 O-O 6. Nf3 e5 7. d5 a5 8. Bg5 Qe8
9. Nd2 Na6 10. Be2 Nd7 11. g4 f6 12. Be3 Ndc5 13. Rg1 Kh8 14. Nb3 b6 15. Nxc5
Nxc5 16. Qc2 f5 17. O-O-O Bd7 18. f3 a4 19. Qd2 a3 20. b4 fxe4 21. bxc5 exf3
22. Bd3 bxc5 23. Ne4 Qb8 24. Rgf1 Ra4 25. Qc3 Rb4 26. Rf2 Qb6 27. Kd2 c6 28.
dxc6 Bxc6 29. Ke1 Qa6 30. Qd2 Qa8 31. Nxd6 e4 32. Bc2 Rb2 33. Kf1 Kg8 34. Bxc5
Rd8 35. Qf4 Rxa2 36. Qf7+ Kh8 37. Qe6 Rxd6 38. Qxd6 h5 39. Qe7 Ra1 40. Rxa1
Bxa1 41. Rd2 1-0

[Event "España 1a División 2014"]
[Site "Linares ESP"]
[Date "2014.09.04"]
[Round "1.2"]
[White "Guerra Bastida, Diego"]
[Black "Glavina, Pablo"]
[Result "1/2-1/2"]
[WhiteElo "2344"]
[BlackElo "2417"]
[PlyCount "128"]
[EventDate "2014.09.04"]
[EventType "team-tourn"]
[EventRounds "9"]
[EventCountry "ESP"]
[Source "lmi"]
[SourceDate "2014.09.04"]
[WhiteTeam "C.A. UNIVERSIDAD DE VIGO"]
[BlackTeam "C.A. STADIUM CASABLANCA"]

1. e4 e5 2. Nf3 Nc6 3. d4 exd4 4. Nxd4 Qf6 5. Nb5 Bc5 6. Qe2 Bb6 7. N1c3 Nge7
8. Be3 Ba5 9. O-O-O a6 10. Nd5 Nxd5 11. exd5 Ne7 12. Nd4 d6 13. Nb3 Bb6 14. Re1
Bxe3+ 15. Qxe3 Kd8 16. Qd2 Bf5 17. Na5 b6 18. Nc4 Re8 19. Ne3 Bd7 20. Bd3 Ng6
21. Kb1 Ne5 22. Ka1 Kc8 23. Rhf1 Kb7 24. Qc3 Nxd3 25. Qxf6 gxf6 26. cxd3 Re5
27. f4 Re7 28. Nc2 Rae8 29. Rxe7 Rxe7 30. Re1 Rxe1+ 31. Nxe1 b5 32. Kb1 a5 33.
Kc1 Kb6 34. d4 Bf5 35. Nc2 Be4 36. Ne3 b4 37. Kd2 Kb5 38. Kc1 Ka4 39. Ng4 Bxg2
40. Nxf6 h6 41. h4 Kb5 42. Ng4 h5 43. Ne3 Be4 44. f5 Kb6 45. f6 Kb7 46. a3 c5
47. dxc6+ Kxc6 48. axb4 axb4 49. Kd2 d5 50. Nf1 Kd6 51. Ng3 Bg6 52. Ke3 Ke6 53.
Kf4 Kxf6 54. Ne2 Bc2 55. Ng3 Bd1 56. Nf5 Bg4 57. Ne3 Be6 58. Nc2 Ke7 59. Nxb4
f6 60. Nd3 Kd6 61. Ke3 Kc6 62. Nf4 Bf7 63. Kd2 Kb6 64. Kc3 Kb5 1/2-1/2

[Event "España 1a División 2014"]
[Site "Linares ESP"]
[Date "2014.09.04"]
[Round "1.2"]
[White "Quintin Navarro, Alberto"]
[Black "Senlle Caride, Miguel"]
[Result "1-0"]
[WhiteElo "2264"]
[BlackElo "2324"]
[PlyCount "61"]
[EventDate "2014.09.04"]
[EventType "team-tourn"]
[EventRounds "9"]
[EventCountry "ESP"]
[Source "lmi"]
[SourceDate "2014.09.04"]
[WhiteTeam "C.A. STADIUM CASABLANCA"]
[BlackTeam "C.A. UNIVERSIDAD DE VIGO"]

1. d4 Nf6 2. c4 e6 3. Nf3 d5 4. g3 Be7 5. Bg2 O-O 6. O-O dxc4 7. Qc2 a6 8. a4
Bd7 9. Rd1 Bc6 10. Nc3 a5 11. e4 Na6 12. Ne5 Nb4 13. Qe2 Be8 14. Nxc4 c6 15.
Bf4 Ra6 16. Rac1 h6 17. h4 Kh8 18. Rd2 Qd7 19. Rcd1 b5 20. Na3 Rb6 21. d5 cxd5
22. exd5 Nbxd5 23. Be5 Nxc3 24. Bxc3 Nd5 25. Qg4 f6 26. Nxb5 Qb7 27. Bxa5 Ra6
28. Bc3 h5 29. Qc4 Bc6 30. Nd4 Nxc3 31. Bxc6 1-0

[Event "España 1a División 2014"]
[Site "Linares ESP"]
[Date "2014.09.04"]
[Round "1.2"]
[White "Rodriguez Lopez, Rafael"]
[Black "Gomez Anadon, Daniel"]
[Result "0-1"]
[WhiteElo "2259"]
[BlackElo "2234"]
[PlyCount "146"]
[EventDate "2014.09.04"]
[EventType "team-tourn"]
[EventRounds "9"]
[EventCountry "ESP"]
[Source "lmi"]
[SourceDate "2014.09.04"]
[WhiteTeam "C.A. UNIVERSIDAD DE VIGO"]
[BlackTeam "C.A. STADIUM CASABLANCA"]

1. e4 c5 2. Nf3 d6 3. d4 cxd4 4. Nxd4 Nf6 5. Nc3 a6 6. Be3 e5 7. Nb3 Be7 8. h3
Be6 9. f4 exf4 10. Bxf4 Nc6 11. Qe2 Ne5 12. O-O-O Qc7 13. Kb1 O-O 14. g4 Rfe8
15. g5 Bc4 16. Qf2 Nh5 17. Be3 b5 18. Nd5 Bxd5 19. exd5 g6 20. Be2 Ng7 21. Nd4
Rac8 22. Bg4 Rb8 23. Bf4 f5 24. gxf6 Bxf6 25. Ne6 Nxg4 26. hxg4 Nxe6 27. dxe6
Rxe6 28. g5 Be5 29. Bc1 Rf8 30. Qg2 Re7 31. Rh4 Qb7 32. Qd2 Ref7 33. Qb4 Qf3
34. Rdh1 d5 35. a4 bxa4 36. Qxa4 Qe2 37. Qc6 Qb5 38. Qe6 Re8 39. Qh3 Qd7 40.
Qd3 Qb5 41. Qa3 d4 42. Qa2 d3 43. cxd3 Qxd3+ 44. Ka1 Qg3 45. Rxh7 Bxb2+ 46.
Bxb2 Re1+ 47. Bc1 Qe5+ 48. Kb1 Qf5+ 49. Ka1 Qe5+ 50. Kb1 Qe4+ 51. Ka1 Qd4+ 52.
Qb2 Rxc1+ 53. Rxc1 Qxb2+ 54. Kxb2 Kxh7 55. Rc6 a5 56. Ra6 Rf5 57. Ra7+ Kg8 58.
Kc3 Rxg5 59. Kd4 Rf5 60. Ke4 Kf8 61. Rb7 Ke8 62. Rg7 Rg5 63. Kf4 Kf8 64. Ra7
Rf5+ 65. Kg4 Rb5 66. Kf4 g5+ 67. Kg4 Ke8 68. Kh5 Kd8 69. Kg6 g4 70. Kf6 g3 71.
Rg7 Rb3 72. Ke6 a4 73. Kd6 Rd3+ 0-1

[Event "España 1a División 2014"]
[Site "Linares ESP"]
[Date "2014.09.05"]
[Round "2.1"]
[White "Anton Guijarro, David"]
[Black "Suarez Real, Alberto"]
[Result "1-0"]
[WhiteElo "2609"]
[BlackElo "2426"]
[PlyCount "97"]
[EventDate "2014.09.04"]
[EventType "team-tourn"]
[EventRounds "9"]
[EventCountry "ESP"]
[Source "lmi"]
[SourceDate "2014.09.04"]
[WhiteTeam "VTI ATOCHA"]
[BlackTeam "C.A. UNIVERSIDAD DE OVIEDO"]

1. e4 c5 2. Nf3 e6 3. d4 cxd4 4. Nxd4 Nf6 5. Nc3 Nc6 6. g3 Bb4 7. Bg2 d5 8.
exd5 Nxd5 9. O-O Bxc3 10. Nxc6 bxc6 11. bxc3 Ba6 12. Re1 O-O 13. c4 Nb6 14. Qg4
Qf6 15. Bf4 Bxc4 16. Bxc6 Rac8 17. Be4 Bd5 18. Be5 Qh6 19. Bxd5 exd5 20. c3 Qg6
21. Qf4 Rfe8 22. Bd4 h6 23. Re5 Nc4 24. Rxd5 Re2 25. Qf5 Qxf5 26. Rxf5 Na3 27.
Kf1 Rb2 28. Re1 Nb5 29. Re7 f6 30. a4 Nxd4 31. cxd4 Rc4 32. Rxa7 Rxd4 33. h4
Ra2 34. a5 Rd1+ 35. Kg2 Rdd2 36. h5 Re2 37. g4 Re5 38. Rxe5 fxe5 39. Kf3 Ra4
40. a6 Kh7 41. Ke3 Kg8 42. Kd3 Rxg4 43. Rb7 Ra4 44. a7 Kh7 45. Ke3 Ra2 46. Ke4
Ra5 47. f3 Ra1 48. Kxe5 Re1+ 49. Kd5 1-0

[Event "España 1a División 2014"]
[Site "Linares ESP"]
[Date "2014.09.05"]
[Round "2.1"]
[White "Andres Gonzalez, Ivan"]
[Black "Almagro Llamas, Pablo"]
[Result "1/2-1/2"]
[WhiteElo "2353"]
[BlackElo "2491"]
[PlyCount "97"]
[EventDate "2014.09.04"]
[EventType "team-tourn"]
[EventRounds "9"]
[EventCountry "ESP"]
[Source "lmi"]
[SourceDate "2014.09.04"]
[WhiteTeam "C.A. UNIVERSIDAD DE OVIEDO"]
[BlackTeam "VTI ATOCHA"]

1. e4 c5 2. Nf3 d6 3. d4 cxd4 4. Nxd4 Nf6 5. Nc3 a6 6. Be2 e6 7. O-O Be7 8. Be3
Qc7 9. f4 Nc6 10. Qe1 O-O 11. Qg3 Kh8 12. Bd3 Nb4 13. a3 Nxd3 14. cxd3 Bd7 15.
Rac1 Qd8 16. e5 Ne8 17. Ne4 Rc8 18. Rxc8 Qxc8 19. Rc1 Qb8 20. Kh1 h6 21. h3 Kh7
22. Rc2 f6 23. exd6 Bxd6 24. Nc5 Bxc5 25. Rxc5 Nd6 26. Qe1 Re8 27. Bf2 b6 28.
Rc2 e5 29. fxe5 fxe5 30. Nf3 Qb7 31. Qb4 Qd5 32. Kh2 Bb5 33. Bxb6 Bxd3 34. Rc5
Qb7 35. Rc7 Qd5 36. Rd7 Re6 37. Bc7 e4 38. Rxd6 Rxd6 39. Qxd6 Qxd6+ 40. Bxd6
exf3 41. gxf3 g5 42. Kg3 Kg6 43. f4 Kf5 44. fxg5 hxg5 45. Be7 Bf1 46. Bd8 Bc4
47. Kf2 Kf4 48. Bc7+ Kf5 49. Kg3 1/2-1/2

[Event "España 1a División 2014"]
[Site "Linares ESP"]
[Date "2014.09.05"]
[Round "2.1"]
[White "Larino Nieto, David"]
[Black "Bazan Solera, Manuel"]
[Result "1-0"]
[WhiteElo "2445"]
[BlackElo "2003"]
[PlyCount "79"]
[EventDate "2014.09.04"]
[EventType "team-tourn"]
[EventRounds "9"]
[EventCountry "ESP"]
[Source "lmi"]
[SourceDate "2014.09.04"]
[WhiteTeam "VTI ATOCHA"]
[BlackTeam "C.A. UNIVERSIDAD DE OVIEDO"]

1. e4 d6 2. Nc3 g6 3. g3 Bg7 4. Bg2 e5 5. d3 Ne7 6. h4 Nbc6 7. h5 Be6 8. h6 Bf6
9. Nd5 Bxd5 10. exd5 Nb4 11. c4 O-O 12. a3 Na6 13. g4 Nc5 14. Be3 c6 15. b4 Nd7
16. dxc6 bxc6 17. Ne2 d5 18. O-O d4 19. Bd2 Nb6 20. Ng3 Bh8 21. f4 exf4 22.
Bxf4 Rc8 23. Ne4 Nd7 24. a4 a6 25. Nc5 Nxc5 26. bxc5 Qd7 27. Qf3 f5 28. g5 Rf7
29. Rab1 a5 30. Rfe1 Re8 31. Qe2 Rff8 32. Qe6+ Qxe6 33. Rxe6 Kf7 34. Rbe1 Nc8
35. Rxe8 Rxe8 36. Rxe8 Kxe8 37. Bxc6+ Kd8 38. Bb7 Kd7 39. c6+ Kd8 40. c5 1-0

[Event "España 1a División 2014"]
[Site "Linares ESP"]
[Date "2014.09.05"]
[Round "2.1"]
[White "Auro Ordonez, Roberto"]
[Black "Fernandez Barrera, Victor"]
[Result "0-1"]
[WhiteElo "1827"]
[BlackElo "2256"]
[PlyCount "56"]
[EventDate "2014.09.04"]
[EventType "team-tourn"]
[EventRounds "9"]
[EventCountry "ESP"]
[Source "lmi"]
[SourceDate "2014.09.04"]
[WhiteTeam "C.A. UNIVERSIDAD DE OVIEDO"]
[BlackTeam "VTI ATOCHA"]

1. d4 Nf6 2. Nf3 g6 3. Bf4 Bg7 4. e3 O-O 5. h3 c5 6. c3 d6 7. Be2 Nc6 8. O-O
cxd4 9. cxd4 Qb6 10. b3 Rd8 11. Nbd2 Nd5 12. Nc4 Qc7 13. Bg3 Nc3 14. Qe1 Nxe2+
15. Qxe2 b5 16. Ncd2 Qb6 17. Rab1 a5 18. Rfc1 Ba6 19. Ng5 Rdc8 20. Qf3 Nd8 21.
Qd1 h6 22. Nge4 f5 23. Nc3 e6 24. Ne2 e5 25. dxe5 dxe5 26. Nf3 Nf7 27. Qd7 Rd8
28. Qc6 Rd1+ 0-1

[Event "España 1a División 2014"]
[Site "Linares ESP"]
[Date "2014.09.05"]
[Round "2.2"]
[White "Rusev, Krasimir"]
[Black "Adla, Diego"]
[Result "1-0"]
[WhiteElo "2538"]
[BlackElo "2469"]
[PlyCount "95"]
[EventDate "2014.09.04"]
[EventType "team-tourn"]
[EventRounds "9"]
[EventCountry "ESP"]
[Source "lmi"]
[SourceDate "2014.09.04"]
[WhiteTeam "C.A. SILLA – LOPEZ INSTALACIONES"]
[BlackTeam "C.A. STADIUM CASABLANCA"]

1. d4 e6 2. Nf3 c5 3. e3 Nf6 4. c4 d5 5. Nc3 Nc6 6. cxd5 exd5 7. Bb5 Bd6 8.
dxc5 Bxc5 9. O-O O-O 10. b3 Bg4 11. Bb2 a6 12. Bxc6 bxc6 13. Rc1 Ba7 14. Ne2
Bxf3 15. gxf3 Qd6 16. Qd3 Rfd8 17. Ng3 c5 18. Rfd1 Ne8 19. Rc2 g6 20. Rcd2 Qe6
21. Ne2 Qe7 22. Qc3 Qg5+ 23. Kh1 f6 24. Ng3 Rac8 25. Ne4 dxe4 26. Rxd8 Rxd8 27.
Rxd8 exf3 28. Rxe8+ Kf7 29. Qc4+ Kxe8 30. Qe4+ Kd7 31. Qxf3 Bb8 32. Bxf6 Qf5
33. Qxf5+ gxf5 34. Bh4 Be5 35. Bg3 Bf6 36. Kg2 Kc6 37. Kf3 Bg5 38. e4 Kb5 39.
exf5 Kb4 40. Ke4 Ka3 41. Kd5 Kxa2 42. Kc4 Be7 43. Be5 Bf8 44. Bc3 Ka3 45. f6 h5
46. h3 Bd6 47. f7 Bf8 48. Bd2 1-0

[Event "España 1a División 2014"]
[Site "Linares ESP"]
[Date "2014.09.05"]
[Round "2.2"]
[White "Glavina, Pablo"]
[Black "Genov, Petar"]
[Result "1/2-1/2"]
[WhiteElo "2417"]
[BlackElo "2443"]
[PlyCount "85"]
[EventDate "2014.09.04"]
[EventType "team-tourn"]
[EventRounds "9"]
[EventCountry "ESP"]
[Source "lmi"]
[SourceDate "2014.09.04"]
[WhiteTeam "C.A. STADIUM CASABLANCA"]
[BlackTeam "C.A. SILLA – LOPEZ INSTALACIONES"]

1. e4 c5 2. c3 d5 3. exd5 Qxd5 4. d4 e6 5. Na3 cxd4 6. Nb5 Na6 7. Qxd4 Qxd4 8.
Nxd4 Nf6 9. Bb5+ Bd7 10. Bxa6 bxa6 11. Ngf3 Bd6 12. O-O O-O 13. Rd1 Rfc8 14. b3
Rxc3 15. Bb2 Rc7 16. Nxe6 Bxh2+ 17. Nxh2 Bxe6 18. Bxf6 gxf6 19. Rd6 Rac8 20.
Nf3 a5 21. Ra6 Rc1+ 22. Rxc1 Rxc1+ 23. Kh2 Ra1 24. Rxa5 Bxb3 25. a3 Kg7 26. Nd4
Bc4 27. Rxa7 Kg6 28. Ra5 Ra2 29. Kg3 Rd2 30. Nf5 Be6 31. Nh4+ Kg7 32. Nf3 Rd3
33. Kf4 Bd5 34. Ne1 Rd1 35. f3 Rxe1 36. Rxd5 Ra1 37. Rd3 h5 38. g3 Kg6 39. Ke4
f5+ 40. Ke5 f6+ 41. Kf4 Ra2 42. Rb3 Ra1 43. Rc3 1/2-1/2

[Event "España 1a División 2014"]
[Site "Linares ESP"]
[Date "2014.09.05"]
[Round "2.2"]
[White "Granero Roca, Antonio"]
[Black "Quintin Navarro, Alberto"]
[Result "0-1"]
[WhiteElo "2426"]
[BlackElo "2264"]
[PlyCount "85"]
[EventDate "2014.09.04"]
[EventType "team-tourn"]
[EventRounds "9"]
[EventCountry "ESP"]
[Source "lmi"]
[SourceDate "2014.09.04"]
[WhiteTeam "C.A. SILLA – LOPEZ INSTALACIONES"]
[BlackTeam "C.A. STADIUM CASABLANCA"]

1. d4 Nf6 2. c4 e6 3. Nf3 d5 4. Nc3 Bb4 5. Qa4+ Nc6 6. Bg5 dxc4 7. e3 Qd5 8.
Bxf6 gxf6 9. Nd2 Bxc3 10. bxc3 b5 11. Qc2 Bb7 12. Rb1 Rb8 13. Rg1 Qh5 14. g4
Qxh2 15. Rg3 a6 16. Rh3 Qd6 17. Ne4 Qe7 18. Rh6 f5 19. gxf5 e5 20. Nf6+ Kd8 21.
dxe5 Nxe5 22. Rd1+ Kc8 23. f4 Nd3+ 24. Bxd3 Qxe3+ 25. Be2 Qg3+ 26. Kd2 Qxf4+
27. Ke1 Qxh6 28. Ng4 Qf4 29. Rd4 Qg3+ 30. Kd2 h5 31. f6 Bc6 32. Qf5+ Kb7 33.
Ne5 Rbe8 34. Re4 Bxe4 35. Qxe4+ Ka7 36. Bf3 Rd8+ 37. Kc1 Qg5+ 38. Kb2 Qd2+ 39.
Kb1 Rb8 40. Nc6+ Kb6 41. Nb4 Qd6 42. Nd5+ Ka7 43. Ne7 0-1

[Event "España 1a División 2014"]
[Site "Linares ESP"]
[Date "2014.09.05"]
[Round "2.2"]
[White "Bellosta Lopez, Pablo"]
[Black "Cano Sanchez, Josue"]
[Result "0-1"]
[WhiteElo "2113"]
[BlackElo "2367"]
[PlyCount "77"]
[EventDate "2014.09.04"]
[EventType "team-tourn"]
[EventRounds "9"]
[EventCountry "ESP"]
[Source "lmi"]
[SourceDate "2014.09.04"]
[WhiteTeam "C.A. STADIUM CASABLANCA"]
[BlackTeam "C.A. SILLA – LOPEZ INSTALACIONES"]

1. e4 c6 2. d4 d5 3. exd5 cxd5 4. c4 Nf6 5. Nc3 e6 6. Nf3 Be7 7. Bd3 dxc4 8.
Bxc4 O-O 9. O-O Nc6 10. Re1 b6 11. a3 Bb7 12. Ba2 Qd6 13. d5 exd5 14. Nxd5 Nxd5
15. Qxd5 Qxd5 16. Bxd5 Bf6 17. Rb1 Rad8 18. Bc4 Na5 19. Be2 Be4 20. Bd2 Bxf3
21. Bb4 Bxe2 22. Bxf8 Bd3 23. Be7 Bxe7 24. Rbd1 Bb5 25. Rxd8+ Bxd8 26. b4 Nc4
27. Rc1 Nd6 28. Rd1 Be7 29. Rc1 Bc4 30. f3 Kf8 31. Kf2 Ke8 32. g4 g5 33. Kg3 h6
34. f4 gxf4+ 35. Kf3 Bd5+ 36. Kf2 Kd7 37. Rd1 Bh4+ 38. Kg1 Ke8 39. Ra1 0-1

[Event "España 1a División 2014"]
[Site "Linares ESP"]
[Date "2014.09.05"]
[Round "3.1"]
[White "Granda Zuniga, Julio E"]
[Black "Anton Guijarro, David"]
[Result "1-0"]
[WhiteElo "2675"]
[BlackElo "2609"]
[PlyCount "93"]
[EventDate "2014.09.04"]
[EventType "team-tourn"]
[EventRounds "9"]
[EventCountry "ESP"]
[Source "lmi"]
[SourceDate "2014.09.04"]
[WhiteTeam "C.A. COLLADO VILLALBA"]
[BlackTeam "VTI ATOCHA"]

1. c4 b6 2. Nc3 Bb7 3. d4 Nf6 4. f3 d5 5. cxd5 Nxd5 6. e4 Nxc3 7. bxc3 e6 8.
Be3 Be7 9. Bb5+ c6 10. Ba4 O-O 11. Ne2 b5 12. Bb3 Nd7 13. O-O a5 14. Nf4 c5 15.
a4 bxa4 16. Bxa4 cxd4 17. cxd4 Nb6 18. Bb5 Bb4 19. Qb3 Nc8 20. Rfc1 Rb8 21. Bc4
Nd6 22. Bxe6 Bc8 23. Bd5 Bd2 24. Qa3 Bxc1 25. Rxc1 Qb6 26. h4 Bd7 27. Nd3 Nb5
28. Qa1 Be6 29. Rc6 Qa7 30. Bxe6 fxe6 31. Nc5 a4 32. Ra6 Qe7 33. Bg5 Qf7 34.
Rxa4 h6 35. Be3 Qg6 36. Kh2 Qh5 37. Bf2 Qf7 38. Bg3 Rbd8 39. Qb2 Nd6 40. Ra6 e5
41. d5 Qh5 42. Qxe5 Qxe5 43. Bxe5 Nf7 44. Bd4 Rd6 45. Ra7 Rc8 46. Ne6 g5 47.
Bc5 1-0

[Event "España 1a División 2014"]
[Site "Linares ESP"]
[Date "2014.09.05"]
[Round "3.1"]
[White "Almagro Llamas, Pablo"]
[Black "Vazquez Igarza, Renier"]
[Result "0-1"]
[WhiteElo "2491"]
[BlackElo "2603"]
[PlyCount "98"]
[EventDate "2014.09.04"]
[EventType "team-tourn"]
[EventRounds "9"]
[EventCountry "ESP"]
[Source "lmi"]
[SourceDate "2014.09.04"]
[WhiteTeam "VTI ATOCHA"]
[BlackTeam "C.A. COLLADO VILLALBA"]

1. d4 Nf6 2. Nf3 d5 3. c4 c6 4. e3 Bg4 5. Nc3 e6 6. Qb3 Qb6 7. Nh4 Bh5 8. h3
Be7 9. g4 Bg6 10. Nxg6 hxg6 11. Bg2 Qa6 12. cxd5 cxd5 13. g5 Nfd7 14. Nxd5 exd5
15. Bxd5 Nc6 16. Bxf7+ Kd8 17. Bd2 Rc8 18. f4 Bb4 19. Rc1 Rc7 20. Qc4 Bxd2+ 21.
Kxd2 Qa5+ 22. b4 Qf5 23. Be6 Nb6 24. Qxc6 Rxc6 25. Bxf5 Rxc1 26. Rxc1 gxf5 27.
Rh1 Rh4 28. Kd3 Kd7 29. a3 Kd6 30. Ke2 Nd5 31. Kf2 g6 32. Kg3 Rh8 33. Re1 Re8
34. Kf2 Rc8 35. h4 Ke6 36. h5 gxh5 37. Rh1 Rc2+ 38. Kf3 Rc3 39. Rxh5 Rxe3+ 40.
Kf2 Re4 41. Rh6+ Kf7 42. Rh7+ Kg6 43. Rxb7 Rxf4+ 44. Kg3 Rxd4 45. Rxa7 Rd3+ 46.
Kh4 Rd4+ 47. Kg3 Kxg5 48. Rd7 Rd3+ 49. Kf2 Nxb4 0-1

[Event "España 1a División 2014"]
[Site "Linares ESP"]
[Date "2014.09.05"]
[Round "3.1"]
[White "Arribas Lopez, Angel"]
[Black "Rubio Mejia, Luis Ignacio"]
[Result "1/2-1/2"]
[WhiteElo "2503"]
[BlackElo "2470"]
[PlyCount "82"]
[EventDate "2014.09.04"]
[EventType "team-tourn"]
[EventRounds "9"]
[EventCountry "ESP"]
[Source "lmi"]
[SourceDate "2014.09.04"]
[WhiteTeam "C.A. COLLADO VILLALBA"]
[BlackTeam "VTI ATOCHA"]

1. e4 c5 2. Nc3 e6 3. Nf3 Nc6 4. d4 cxd4 5. Nxd4 Qc7 6. Be2 a6 7. O-O Nf6 8.
Be3 Bb4 9. Nxc6 bxc6 10. Qd4 c5 11. Qc4 O-O 12. Bf3 d6 13. a3 Ba5 14. Bf4 e5
15. Bg5 Be6 16. Qd3 c4 17. Qd2 Ne8 18. Be2 h6 19. Bh4 g5 20. Bg3 Nf6 21. Qe3
Bb6 22. Qf3 Kg7 23. h3 Rab8 24. Rfe1 Bd4 25. Rab1 Qc6 26. Bf1 Rb7 27. Nd1 Rfb8
28. c3 Ba7 29. Rc1 Rxb2 30. Nxb2 Rxb2 31. Qd1 Nxe4 32. Rxe4 Qxe4 33. Qxd6 Bxf2+
34. Bxf2 Rxf2 35. Kxf2 Qf4+ 36. Kg1 Qe3+ 37. Kh2 Qf4+ 38. Kg1 Qxc1 39. Qxe5+
Kg8 40. a4 Qd2 41. a5 Bd5 1/2-1/2